000 00712nam a2200241Ia 4500
003 OSt
005 20221005050017.0
006 a|||||r|||| 00| 0
007 ta
008 221004b |||||||| |||| 00| 0 ben d
020 _a9788129516121 (hbk)
_c180
024 _a4636
037 _b796, 20/03/2013, Bright Book Service
_cTextual
040 _aCRL
_cCRL
_bben
041 _2ben
_aben
082 _aO157,3N33x, Q0
100 _aSankar
245 0 _aSwarga marta patal
260 _aKolkata
_bSudhangshu Sekhar Dey Dey's Pub India
_c2010
650 _aBENGALI LITERATURE
942 _hO157,3N33x, Q0
_cTEXL
_2cc
999 _c956127
_d956127